| 000 | 00464nam a2200169Ia 4500 | ||
|---|---|---|---|
| 003 | SGT | ||
| 020 | _a97880333778210 | ||
| 082 |
_a338.5 _bKOU |
||
| 100 | _aKoutsoyiannis,A | ||
| 245 | _aModern microeconomics | ||
| 250 | _a2nd Ed. | ||
| 260 |
_bMacmillan Publishers India Limted _aNew Delhi _c2008 |
||
| 300 | _a581p. | ||
| 650 | _aECONOMICS | ||
| 653 | _aTHEORY OF DEMAND, THEORY OF PRODUCTION,THEORY OF COSTS, PERFECT COMPETITION, MONOPOLY | ||
| 942 |
_2ddc _cBK |
||
| 999 |
_c5281 _d5281 |
||